Combien de ville de la Haute Vienne (87) connais-tu ? - Statistiques

Statistiques générales
  • Ce quiz a été pris 23 fois
  • Le résultat moyen est 22 sur 195
Statistiques - réponses
Code postal Ville % Correct
87000 Limoges
94%
87300 Bellac
65%
87350 Panazol
53%
87700 Aixe-sur-Vienne
47%
87270 Couzeix
47%
87200 Saint-Junien
47%
87170 Isle
41%
87240 Ambazac
35%
87220 Boisseuil
35%
87220 Feytiat
35%
87210 Le Dorat
35%
87037 Saint-Léonard-de-Noblat
35%
87290 Châteauponsac
29%
87920 Condat-sur-Vienne
29%
87120 Eymoutiers
29%
87190 Magnac-Laval
29%
87470 Peyrat-le-Château
29%
87600 Rochechouart
29%
87120 Augne
24%
87250 Bessines-sur-Gartempe
24%
87300 Blond
24%
87460 Bujaleuf
24%
87380 Magnac-Bourg
24%
87140 Nantiat
24%
87520 Oradour-sur-Glane
24%
87120 Saint-Amand-le-Petit
24%
87430 Verneuil-sur-Vienne
24%
87160 Arnac-la-Poste
18%
87220 Aureil
18%
87120 Beaumont-du-Lac
18%
87300 Berneuil
18%
87300 Blanzac
18%
87110 Bosmie-l'Aiguille
18%
87230 Bussière-Galant
18%
87230 Châlus
18%
87140 Chamboret
18%
87460 Cheissoux
18%
87190 Droux
18%
87220 Eyjeaux
18%
87230 Les Cars
18%
87110 Le Vigen
18%
87330 Montrol-Sénard
18%
87330 Mortemart
18%
87037 Nexon
18%
87510 Nieul
18%
87330 Nouic
18%
87300 Peyrat-de-Bellac
18%
87260 Pierre-Buffière
18%
87290 Rancon
18%
87570 Rilhac-Rancon
18%
87400 Royères
18%
87110 Solignac
18%
87370 Bersac-sur-Rivalier
12%
87270 Bonnac-la-Côte
12%
87800 Burgnac
12%
87270 Chaptelat
12%
87130 Châteauneuf-la-Forêt
12%
87520 Cieux
12%
87310 Cognac-la-Forêt
12%
87230 Dournazac
12%
87330 Gajoubert
12%
87310 Gorre
12%
87800 Jourgnac
12%
87210 La Bazeuge
12%
87130 La Croisille-sur-Briance
12%
87140 Le Buis
12%
87410 Le Palais-sur-Vienne
12%
87130 Linards
12%
87360 Lussac-les-Églises
12%
87130 Masléon
12%
87120 Nedde
12%
87130 Neuvic-Entier
12%
87150 Oradour-sur-Vayres
12%
87290 Saint-Amand-Magnazeix
12%
87300 Saint-Bonnet-de-Bellac
12%
87590 Saint-Just-le-Martel
12%
87140 Saint-Pardoux-le-Lac
12%
87260 Saint-Paul
12%
87290 Saint-Sornin-Leulac
12%
87500 Saint-Yrieix-la-Perche
12%
87400 Sauviat-sur-Vige
12%
87360 Azat-le-Ris
6%
87290 Balledent
6%
87700 Beynac
6%
87300 Breuilaufa
6%
87200 Chaillac-sur-Vienne
6%
87150 Champagnac-la-Rivière
6%
87400 Champnétery
6%
87230 Champsac
6%
87380 Château-Chervix
6%
87600 Chéronnac
6%
87140 Compreignac
6%
87500 Coussac-Bonneval
6%
87160 Cromac
6%
87150 Cussac
6%
87210 Dinsac
6%
87190 Dompierre-les-Églises
6%
87120 Domps
6%
87400 Eybouleuf
6%
87230 Flavignac
6%
87250 Folles
6%
87250 Fromental
6%
87500 Glandon
6%
87380 Glanges
6%
87370 Jabreilles-les-Bordes
6%
87800 Janailhac
6%
87520 Javerdat
6%
87890 Jouac
6%
87440 La Chapelle-Montbrandeix
6%
87210 La Croix-sur-Gartempe
6%
87500 Ladignac-le-Long
6%
87400 La Geneytouse
6%
87340 La Jonchère-Saint-Maurice
6%
87800 La Meyze
6%
87380 La Porcherie
6%
87800 La Roche-l'Abeille
6%
87370 Laurière
6%
87230 Lavignac
6%
87500 Le Chalard
6%
87400 Le Châtenet-en-Dognon
6%
87340 Les Billanges
6%
87160 Les Grands-Chézeaux
6%
87160 Mailhac-sur-Benaize
6%
87440 Maisonnais-sur-Tardoire
6%
87440 Marval
6%
87800 Meilhac
6%
87380 Meuzac
6%
87400 Moissannes
6%
87210 Oradour-Saint-Genest
6%
87230 Pageas
6%
87440 Pensol
6%
87510 Peyrilhac
6%
87640 Razès
6%
87120 Rempnat
6%
87800 Rilhac-Lastours
6%
87130 Roziers-Saint-Georges
6%
87720 Saillat-sur-Vienne
6%
87200 Saint-Brice-sur-Vienne
6%
87400 Saint-Denis-des-Murs
6%
87420 Sainte-Marie-de-Vaux
6%
87510 Saint-Gence
6%
87510 Saint-Jouvent
6%
87460 Saint-Julien-le-Petit
6%
87190 Saint-Léger-Magnazeix
6%
87330 Saint-Martial-sur-Isop
6%
87700 Saint-Priest-sous-Aixe
6%
87480 Saint-Priest-Taurion
6%
87420 Saint-Victurnien
6%
87140 Thouron
6%
87140 Vaulry
6%
87600 Vayres
6%
87190 Villefavard
6%
87440 Les Salles-Lavauguyon
0%
87310 Saint-Auvent
0%
87150 Saint-Bazile
0%
87260 Saint-Bonnet-Briance
0%
87310 Saint-Cyr
0%
87120 Sainte-Anne-Saint-Priest
0%
87260 Saint-Genest-sur-Roselle
0%
87160 Saint-Georges-les-Landes
0%
87037 Saint-Germain-les-Belles
0%
87130 Saint-Gilles-les-Forêts
0%
87260 Saint-Hilaire-Bonneval
0%
87190 Saint-Hilaire-la-Treille
0%
87800 Saint-Hilaire-les-Places
0%
87260 Saint-Jean-Ligoure
0%
87300 Saint-Junien-les-Combes
0%
87240 Saint-Laurent-les-Églises
0%
87310 Saint-Laurent-sur-Gorre
0%
87340 Saint-Léger-la-Montagne
0%
87200 Saint-Martin-de-Jussac
0%
87360 Saint-Martin-le-Mault
0%
87700 Saint-Martin-le-Vieux
0%
87400 Saint-Martin-Terressus
0%
87440 Saint-Mathieu
0%
87800 Saint-Maurice-les-Brousses
0%
87130 Saint-Méard
0%
87300 Saint-Ouen-sur-Gartempe
0%
87800 Saint-Priest-Ligoure
0%
87210 Saint-Sornin-la-Marche
0%
87370 Saint-Sulpice-Laurière
0%
87160 Saint-Sulpice-les-Feuilles
0%
87240 Saint-Sylvestre
0%
87380 Saint-Vitte-sur-Briance
0%
87700 Saint-Yrieix-sous-Aixe
0%
87620 Séreilhac
0%
87130 Surdoux
0%
87130 Sussac
0%
87360 Tersannes
0%
87330 Val d'Issoire
0%
87320 Val-d'Oire-et-Gartempe
0%
87360 Verneuil-Moustiers
0%
87520 Veyrac
0%
87260 Vicq-sur-Breuilh
0%
87600 Videix
0%
Aucun quiz correspondant
Distribution des résultats
% des personnes avec chaque résultat
Percentile par nombre de réponses
Votre historique - résultats
Vous n’avez pas pris ce quiz